000 00669nam a22002890a 4500
001 PT58502
003 AR-LpoUNG
005 20210131231900.0
008 191001s1974||||ag |||||||||||||||||spa d
040 _aAR-LpoUNG
_bspa
_cAR-LpoUNG
_eaacr
041 _aspa
044 _aag
082 0 _aA863 827ray
100 1 _aCortázar, Julio
245 1 0 _aRayuela
250 _a16ta. ed.
260 _aBuenos Aires :
_bSudamericana,
_c1974.
300 _a635 p. :
_btbls.
650 4 _aARGENTINA
650 4 _aDRAMA
650 4 _aLITERATURA
650 4 _aNOVELAS
651 4 _aArgentina
653 _aLITERATURA ARGENTINA
905 _a58502
942 _cLIB
999 _c12393
_d12393